000 00523nam a2200181Ia 4500
999 _c11222
_d11222
003 OSt
005 20191213150312.0
008 190216s9999||||xx |||||||||||||| ||und||
020 _a9789381335109
040 _coclc
082 _a338.5
_bCHA/M
100 _aChaturvedi, D D
_9476
245 0 _aMicro Economics-1 /
_cD D Chaturvedi
260 _bInternational Book House Pvt Ltd,
_c2011.
_aNew Delhi:
300 _a395p
650 _aMicro Economics
942 _cBK
_2ddc
_h338.5
_iCHA/M
_k338.5
_mCHA/M